LEADER 02115nas--2200565---450- 001 990002453690203316 005 20100705174035.0 011 $a1683-3473 035 $a000245369 035 $aUSA01000245369 035 $a(ALEPH)000245369USA01 035 $a000245369 100 $a20050721d--------km-y0itaa50------ba 101 0 $afre 102 $aLU 110 $aakazz--oyzo 200 1 $aRapport annuel sur la politique de développement de la Communauté européenne et la mise en oeuvre de l?aide extérieure en...$fCommission européenne 210 $aLuxembourg$cOffice des publications officielles des Communautés européennes 215 $av.$cill.$d30 cm 300 $aComincia nel 2001 300 $aDescrizione basata su: 2004 326 $aAnnuale 451 0$1001000245367 451 0$10010000921 606 0 $aAiuti umanitari$yUnione europea$xPeriodici 676 $a338.91401724 699 $a01.01$bAiuti allo sviluppo 712 02$aCOMMISSIONE EUROPEA :$bDirezione generale Sviluppo 801 0$aIT$bsalbc$gISBD 856 4 $uhttp://ec.europa.eu/economy_finance/een/index_en.htm$4.$zAccesso on line 912 $a990002453690203316 958 $aCDE$bCDE / RAP$c2004- 959 $aSE 969 $aCDE 979 $aIANNONE$b90$c20050721$lUSA01$h1110 979 $aIANNONE$b90$c20050721$lUSA01$h1112 979 $aCDE$b90$c20050725$lUSA01$h1304 979 $aMARIAS$b90$c20080220$lUSA01$h1101 979 $aMARIAS$b90$c20080221$lUSA01$h1130 979 $aMARIAS$b90$c20080221$lUSA01$h1150 979 $aMARIAS$b90$c20080221$lUSA01$h1321 979 $aMARIAS$b90$c20080227$lUSA01$h1322 979 $aMARIAS$b90$c20080227$lUSA01$h1323 979 $aMARIAS$b90$c20080306$lUSA01$h1150 979 $aMARIAS$b90$c20080306$lUSA01$h1159 979 $aMARIAS$b90$c20080306$lUSA01$h1201 979 $aMARIAS$b90$c20090122$lUSA01$h0828 979 $aMARIAS$b90$c20100705$lUSA01$h1740 996 $aRapport annuel sur la politique de développement de la Communauté européenne et la mise en oeuvre de l?aide extérieure en..$91056891 997 $aUNISA LEADER 01004nam0-22003371i-450- 001 990005479560403321 005 20080421130846.0 010 $a0-576-15103-3 035 $a000547956 035 $aFED01000547956 035 $a(Aleph)000547956FED01 035 $a000547956 100 $a19990604e19711591km-y0itay50------ba 101 0 $aita 105 $ay-------001yy 200 1 $a<>bellezze della citta di Fiorenza$fFrancesco Bocchi$gwith a new introduction by John Shearman 205 $aRist. anast. 210 $aLondon$cGregg International$d1971 215 $a290 p.$d18 cm 324 $aRipr. dell'ed.: Florence, 1591 610 0 $aFirenze$aGuide 676 $a709.4551 700 1$aBocchi,$bFrancesco$f<1548-1618>$0211990 702 1$aShearman,$bJohn 801 0$aIT$bUNINA$gRICA$2UNIMARC 901 $aBK 912 $a990005479560403321 952 $a709.45 BOC 3$bST. ARTE 10776$fFLFBC 959 $aFLFBC 996 $aBellezze della citta di Fiorenza$9587374 997 $aUNINA